Creed- My Sacrifice Lyrics - Statistics

General Stats
  • This quiz has been taken 33 times
  • The average score is 171 of 200
Answer Stats
Answer % Correct
a
100%
again
100%
are
100%
careless
100%
free
100%
friend
100%
Hello
100%
hello
100%
I
100%
I'm
100%
It
100%
me
100%
my
100%
My
100%
the
100%
to
100%
we
100%
we'll
100%
When
100%
when
100%
with
100%
you
100%
believe
94%
eyes
94%
fly
94%
It's
94%
meet
94%
sacrifice
94%
Above
88%
all
88%
should
88%
tears
88%
where
88%
an
81%
been
81%
begin?
81%
brings
81%
like
81%
memories
81%
say
81%
while
81%
and
75%
In
75%
just
75%
others
75%
that
75%
want
75%
Feels
69%
feels
69%
forever
69%
heart
69%
love
69%
Of
69%
of
69%
This
69%
your
69%
can
63%
Cause
63%
gave
63%
good
63%
life
63%
Oh
63%
remember
63%
so
63%
Within
63%
within
63%
Let's
56%
our
56%
perfect
56%
downs
50%
instant
50%
share
50%
there
50%
We've
50%
around
44%
find
44%
how
44%
mind
44%
peace
44%
quickly
44%
seen
44%
turn
44%
ups
44%
reunite
38%
yourself
31%
No matching quizzes found
Score Distribution
Percent of People with Each Score
Percentile by Number Answered
Your Score History
You have not taken this quiz